000 00450 a2200157 4500
001 192967
020 _a978-85-96-00836-5
040 _cMagnum
100 _aAlves, Januária Cristina
240 1 0 _aloira do banheiro e outras assombrações do folclore brasileiro, A
_lpor
245 1 0 _aloira do banheiro e outras assombrações do folclore brasileiro, A
300 _a46
362 0 _a2017
697 _aLITERATURA INFANTO-JUVENIL
942 _cBK
999 _c192967
_d192967